000 00854nam a2200241 a 4500
001 000012104
005 20200929162709.0
008 091104s1994 sp a 000 0bspa d
020 _a8420646512
040 _aDO-SdBNP
_bspa
_cBNPHU
082 _a927.5
_bV434G
100 1 _aGállego, Julián,
_d1919-
_921097
245 1 0 _aVelázquez /
_cJulián Gállego; prólogo Blaise Pascal.
260 _aMadrid :
_bAlianza,
_c1994.
300 _a71 p. :
_bil. ;
_c15 cm.
490 1 _aAlianza cien
_v51
500 _aLibro de bolsillo
600 1 0 _aVELÁZQUEZ, DIEGO RODRÍGUEZ DE SILVA Y,
_d1599-1660
_vBIOGRAFÍA
_928599
600 1 0 _aVELÁZQUEZ, DIEGO RODRÍGUEZ DE SILVA Y,
_d1599-1660
_xCRÍTICA E INTERPRETACIÓN
_928600
650 4 _aPintores españoles
_vBIOGRAFÍAS
_914281
700 1 _aPascal, Blaise
_eprol.
_928601
830 0 _aAlianza cien ;
_v51
_912832
999 _c11769
_d11769